Tuyển tập 110 bài đọc văn chương Anh Mỹ = A Collection of 110 literary texts from British and American literatures

Cung cấp cho sinh viên các bài đọc văn học với các thủ pháp thường được sử dụng trong ngôn ngữ diễn cảm và trong văn chương. Những thủ pháp này có tiêu đề " Hình thái tu từ / mỹ từ pháp". Ngoài ra, quyển sách còn giới thiệu về cá...

Cur síos iomlán

Đã lưu trong:
Sonraí Bibleagrafaíochta
Príomhúdar: Lê, Văn Sự
Formáid: Leabhar
Teanga:Undetermined
Foilsithe: Hà Nội Hồng Đức 2011
Ábhair:
Clibeanna: Cuir Clib Leis
Gan Chlibeanna, Bí ar an gcéad duine leis an taifead seo a chlibeáil!
Thư viện lưu trữ: Trung tâm Học liệu Trường Đại học Cần Thơ
LEADER 01111nam a2200217Ia 4500
001 CTU_180872
008 210402s9999 xx 000 0 und d
020 |c 57000 
082 |a 810.08 
082 |b S550 
100 |a Lê, Văn Sự 
245 0 |a Tuyển tập 110 bài đọc văn chương Anh Mỹ = 
245 2 |b A Collection of 110 literary texts from British and American literatures 
245 0 |c Lê Văn Sự 
260 |a Hà Nội 
260 |b Hồng Đức 
260 |c 2011 
520 |a Cung cấp cho sinh viên các bài đọc văn học với các thủ pháp thường được sử dụng trong ngôn ngữ diễn cảm và trong văn chương. Những thủ pháp này có tiêu đề " Hình thái tu từ / mỹ từ pháp". Ngoài ra, quyển sách còn giới thiệu về các yếu tố cơ bản của truyện ngắn. 
650 |a Collection,Literatures of America,Bộ sưu tập,Văn học Mỹ 
904 |i Thu, Tú 
980 |a Trung tâm Học liệu Trường Đại học Cần Thơ